00454 2200169 4500001002100000008004100021035002000062245007900082100001600161250000600177260004200183300001200225084001400237082000800251650001300259990001200272INLIS000000000000724 ind  a0010-0424000700 aSuplemen Sumber Belajar Sains Kebumian SMA Bagian 4; AstronomicNurul Huda aHuda, Nurul a1 aJakarta :bBina Prestasi Insanic2018 a104 hlm a550 NUR k a550 aNonfiksi a0739659